[Event "DOM-ch"]
[Site "Santo Domingo"]
[Date "2017.04.29"]
[Round "6"]
[White "Cepeda De Jesus, Renny Saul"]
[Black "Jimenez Jimenez, Leandro"]
[Result "0-1"]
[WhiteElo "1685"]
[BlackElo "1974"]
[PlyCount "66"]
[EventDate "2017.04.21"]
[EventType "swiss"]
[EventRounds "11"]
[EventCountry "DOM"]
[SourceTitle "CBM 178 Extra"]
[Source "ChessBase"]
[SourceDate "2017.06.22"]
[SourceVersion "1"]
[SourceVersionDate "2017.06.22"]
[SourceQuality "1"]

1. c4 e5 2. Nc3 Nf6 3. g3 Bb4 4. Bg2 Bxc3 5. bxc3 0-0 6. Nf3 Nc6 7. 0-0 d6 8. d3 h6 9. Rb1 Rb8 10. Nd2 Bf5 11. e4 Be6 12. d4 exd4 13. cxd4 Nxd4 14. Bb2 c5 15. Qa4 Qd7 16. Qa3 a6 17. Rfd1 Ne2+ 18. Kf1 Nd4 19. Kg1 Ne2+ 20. Kf1 Nd4 21. Kg1 Ng4 22. Bxd4 cxd4 23. Nb3 Ne5 24. Rxd4 Nxc4 25. Qb4 b5 26. Rbd1 Qc7 27. f4 Bg4 28. Rc1 Qb6 29. Kh1 a5 30. Qc3 Rbc8 31. Qd3 a4 32. Rb1 axb3 33. Rxb3 Be2 0-1

[Event "DOM-ch"]
[Site "Santo Domingo"]
[Date "2017.04.28"]
[Round "5"]
[White "Franco Rodriguez, Andres Avelino"]
[Black "Cepeda De Jesus, Renny Saul"]
[Result "1-0"]
[WhiteElo "2046"]
[BlackElo "1685"]
[PlyCount "45"]
[EventDate "2017.04.21"]
[EventType "swiss"]
[EventRounds "11"]
[EventCountry "DOM"]
[SourceTitle "CBM 178 Extra"]
[Source "ChessBase"]
[SourceDate "2017.06.22"]
[SourceVersion "1"]
[SourceVersionDate "2017.06.22"]
[SourceQuality "1"]

1. e4 e6 2. d4 d5 3. e5 c5 4. c3 Nc6 5. a3 Qb6 6. Nf3 Bd7 7. Be2 Nh6 8. Bxh6 Qxb2 9. Bc1 Qxa1 10. Qc2 cxd4 11. Bb5 Nxe5 12. Nxd4 Rc8 13. Bxd7+ Kxd7 14. Nb3 Nd3+ 15. Qxd3 Qa2 16. Qb5+ Kd8 17. 0-0 Be7 18. Na5 Bd6 19. Nxb7+ Ke7 20. Nxd6 Kxd6 21. Bf4+ e5 22. Qa6+ Kd7 23. Bxe5 1-0